000 00380nam a22001577a 4500
003 MPLRDC
005 20220104114326.0
008 210129b ||||| |||| 00| 0 eng d
082 _a538.82 GLC
100 _a郭立诚
245 _a中国民俗史话
_c
260 _a台湾
_b大方文化事业公司
_c
300 _b
650 _a中国风俗志
942 _cBK
_o538.82 GLC
999 _c6610
_d6600